Wörter mit Vier Buchstaben, die jeden Buchstaben enthalten A-Z - Statistiken

Allgemein
  • Dieses Quiz wurde 70 mal gespielt
  • Das Durchschnittsergebnis liegt bei 318 aus 546
Antwortstatistiken
Anfangsbuchstabe Enthält # mögliche Antworten Beispiel Wörter % Korrekt
A E 71 Adel
95%
A R 29 Arme
93%
B A 78 Baby
89%
B E 72 Beet
89%
D E 38 Deck
89%
J A 25 Jahr
89%
A T 44 Akte
88%
D I 27 Dieb
88%
E N 16 Ende
88%
G A 58 Gang
88%
K A 75 Kalk
88%
K E 60 Keks
88%
M A 64 Maus
88%
N E 39 Nein
88%
A B 15 Abis
86%
A L 33 alle
86%
A U 22 Auto
86%
B L 36 Ball
86%
B U 60 Baum
86%
D A 41 Dach
86%
E E 50 Erde
86%
G N 26 Gnom
86%
H A 63 Haar
86%
K L 41 klar
86%
L A 57 Lama
86%
O E 44 oder
86%
B I 37 Bier
84%
F R 34 Frau
84%
G R 48 Grab
84%
J E 21 jede
84%
K I 46 Kies
84%
R A 63 Rabe
84%
S E 73 sein
84%
W A 58 Wahl
84%
W E 60 Wege
84%
Z I 20 Ziel
84%
A C 9 auch
82%
A H 15 auch
82%
E L 20 Elle
82%
F A 44 Fach
82%
F U 31 Flur
82%
H E 71 Heft
82%
H U 48 Haus
82%
K O 54 Kino
82%
R E 75 Rede
82%
S A 91 Saal
82%
T E 50 Team
82%
Z A 24 Zahl
82%
Z E 36 Zeit
82%
Z N 17 Zone
82%
B D 18 Bild
81%
E I 22 Eins
81%
F N 31 Farn
81%
G B 14 gelb
81%
G E 51 Game
81%
H L 35 hell
81%
K N 36 Kinn
81%
K U 51 klug
81%
L E 72 Lied
81%
L U 38 Luft
81%
N A 31 Name
81%
O N 12 Ofen
81%
O R 20 oder
81%
R U 43 Ruhe
81%
T A 59 Tanz
81%
T I 25 Tier
81%
W I 32 weil
81%
Z H 16 Zehn
81%
B C 5 Buch
79%
B N 28 Bein
79%
B O 50 Bock
79%
B R 41 Bier
79%
C O 18 cool
79%
D O 38 Doku
79%
D R 27 dort
79%
E S 22 Esel
79%
K R 51 Kerl
79%
K T 37 kalt
79%
L I 40 Lied
79%
L T 37 Lift
79%
M E 48 Mehl
79%
M I 42 mich
79%
R D 12 Rind
79%
R N 26 Ring
79%
T R 50 Tier
79%
T U 42 Turm
79%
V E 20 Vene
79%
W D 20 wild
79%
W N 20 wenn
79%
B H 20 Bach
77%
D C 9 dich
77%
D N 31 Ding
77%
E B 9 eben
77%
G L 30 gelb
77%
G S 34 Gans
77%
H N 23 Hand
77%
I E 18 Idee
77%
J D 6 jede
77%
M H 21 mehr
77%
M N 26 Mine
77%
M O 47 Mohn
77%
O D 17 oder
77%
O L 20 Oval
77%
Q U 11 Quiz
77%
R I 40 Reis
77%
S T 60 Satz
77%
U E 23 Unze
77%
U R 13 Uran
77%
A G 10 Auge
75%
A M 23 Atem
75%
A S 57 Abis
75%
C A 18 Cafe
75%
D H 8 doch
75%
D M 14 Dame
75%
E H 10 Ehre
75%
E R 24 Erde
75%
H R 29 hart
75%
H T 47 Haut
75%
L S 34 Last
75%
M D 16 Mode
75%
M U 42 Maus
75%
N I 19 Nein
75%
O A 13 Oase
75%
P A 44 Paar
75%
P L 30 Pilz
75%
R O 31 Rose
75%
S H 29 sehr
75%
S N 38 sein
75%
V I 12 viel
75%
V R 7 Vier
75%
W L 30 Wald
75%
B G 25 Blog
74%
E C 9 Ecke
74%
F E 54 feig
74%
F H 19 Floh
74%
F I 35 fein
74%
G U 30 grün
74%
H D 11 Hand
74%
K H 12 Kühe
74%
M L 28 mild
74%
M S 34 Maus
74%
R B 9 Rabe
74%
R F 14 reif
74%
S D 17 Sand
74%
S I 50 sein
74%
S U 49 Spur
74%
V O 13 voll
74%
W T 31 weit
74%
Z K 8 Zink
74%
A D 16 Ader
72%
A F 6 Affe
72%
B S 35 Bass
72%
B T 46 Bett
72%
F L 47 Fell
72%
H B 15 halb
72%
H S 22 Hose
72%
J G 7 Jagd
72%
L H 15 Lehm
72%
M C 5 mich
72%
N N 8 Nein
72%
O S 33 Obst
72%
P I 38 Pilz
72%
Q A 7 Qual
72%
S R 28 Sarg
72%
Z C 8 zuck
72%
Z O 15 Zoom
72%
A O 16 Auto
70%
B K 17 Bank
70%
D S 26 dass
70%
E T 24 Ente
70%
H H 19 Huhn
70%
H I 25 hier
70%
J U 24 Juni
70%
K D 12 Kind
70%
L C 8 Loch
70%
L N 21 Land
70%
N H 12 nach
70%
N O 22 noch
70%
O B 6 oben
70%
P E 43 Pelz
70%
P U 36 Puls
70%
R S 37 Reis
70%
S G 27 Sieg
70%
T N 28 Tank
70%
W R 41 Werk
70%
W U 26 Wurm
70%
Z U 20 Zeug
70%
A A 19 Aale
68%
A N 27 Anis
68%
A X 4 Äxte
68%
B B 12 Baby
68%
B M 11 Baum
68%
D U 37 Duft
68%
F C 6 Fach
68%
F D 10 Feld
68%
F S 18 fast
68%
G O 29 Golf
68%
H O 49 hohl
68%
K F 11 Kopf
68%
K S 29 Keks
68%
L K 15 Look
68%
L M 11 Lamm
68%
L O 42 Loch
68%
M R 23 Meer
68%
N S 10 Nuss
68%
N T 18 nett
68%
N U 10 Null
68%
P O 36 Pony
68%
P S 34 Pass
68%
R H 27 Rohr
68%
R T 39 Rate
68%
S C 9 Scan
68%
S O 62 Sofa
68%
T G 15 Teig
68%
Z L 8 Zahl
68%
A K 11 Akku
67%
C L 8 cool
67%
D F 5 Duft
67%
E D 8 Ende
67%
G I 24 Gift
67%
G T 36 Gast
67%
H C 9 hoch
67%
H F 23 Hefe
67%
L B 14 lieb
67%
L D 18 Lied
67%
L G 25 Logo
67%
L L 5 lila
67%
N C 6 nach
67%
O P 7 Oper
67%
P T 29 Pest
67%
R C 11 Ruck
67%
R G 12 Ring
67%
S L 35 Salz
67%
U N 13 Unis
67%
V L 7 voll
67%
W H 21 Wohl
67%
A Z 8 Arzt
65%
D K 14 dick
65%
G D 7 Gold
65%
H Z 6 Holz
65%
I L 7 Igel
65%
J H 8 Jahr
65%
K C 5 Koch
65%
K K 19 Keks
65%
K M 22 kaum
65%
L F 8 Lift
65%
M T 35 Matt
65%
N M 7 Name
65%
O H 11 ohne
65%
Q E 3 quer
65%
R M 11 Raum
65%
S F 14 Sofa
65%
T B 11 trüb
65%
T K 9 Tank
65%
T O 45 toll
65%
W B 14 Weib
65%
W S 18 Wels
65%
Z G 11 Zeug
65%
Z R 12 Zorn
65%
C E 11 Cent
63%
C H 8 Chor
63%
C T 8 Chat
63%
D T 17 Date
63%
E U 8 Euro
63%
F K 8 Fakt
63%
F O 39 Floh
63%
G G 11 Gang
63%
I G 3 Igel
63%
I R 9 Iris
63%
J O 15 Jobs
63%
K Z 7 kurz
63%
L R 14 leer
63%
N R 13 Nord
63%
Q L 2 Qual
63%
R K 11 Rock
63%
T C 3 Tuch
63%
T F 14 Tofu
63%
T L 16 Teil
63%
W C 3 wach
63%
W G 16 Wege
63%
W O 21 Wort
63%
W Z 10 Witz
63%
Y A 6 Yoga
63%
Z T 12 Zeit
63%
A I 23 Anis
61%
C R 11 Crew
61%
D L 13 Dill
61%
E A 7 egal
61%
F T 30 fast
61%
H M 11 Hemd
61%
I N 17 Info
61%
J S 12 Jobs
61%
K B 8 Korb
61%
O F 5 Ofen
61%
P K 19 Pakt
61%
P N 17 Plan
61%
P Z 9 Pilz
61%
Q R 1 quer
61%
S K 24 Sekt
61%
E F 3 Efeu
60%
E G 11 egal
60%
G Z 6 ganz
60%
K P 16 Kopf
60%
M F 3 Mofa
60%
M Z 11 Milz
60%
O M 13 Omen
60%
P P 23 Papa
60%
Q I 3 Quiz
60%
S M 19 Smog
60%
U B 7 Übel
60%
U F 3 Ufer
60%
V A 13 vage
60%
W F 11 Wurf
60%
W M 8 Wurm
60%
E K 6 Ecke
58%
F G 18 Flug
58%
H P 11 Hupe
58%
I S 9 Iris
58%
J C 4 juck
58%
J N 8 Juni
58%
J R 5 Jury
58%
N D 3 Nerd
58%
P C 10 Pech
58%
P F 9 Pfad
58%
P R 27 Park
58%
Q D 1 Quad
58%
S Z 8 Salz
58%
T H 3 Tuch
58%
T M 10 Turm
58%
W K 12 Werk
58%
H G 11 Hang
56%
L P 8 Lupe
56%
Q Z 1 Quiz
56%
R R 5 Rohr
56%
T P 20 Tipp
56%
T T 32 Test
56%
Z M 7 Zimt
56%
D P 6 dope
54%
F Z 11 Filz
54%
G F 6 Gift
54%
H K 14 hake
54%
I D 7 Idee
54%
I H 9 ihre
54%
I M 7 Imam
54%
M K 13 Maki
54%
M M 11 Mama
54%
N B 4 Nabe
54%
O C 2 Orca
54%
O T 12 Orte
54%
R L 6 real
54%
R Z 5 Reiz
54%
T D 4 Tode
54%
U L 10 Übel
54%
U S 14 umso
54%
Z W 2 Zwei
54%
C D 3 Code
53%
C F 2 Chef
53%
E O 8 Echo
53%
F B 3 färb
53%
F F 1 Fünf
53%
F X 9 Flex
53%
J I 5 Juni
53%
V N 4 Vene
53%
V S 6 Vase
53%
Z P 9 Zopf
53%
B X 5 boxe
51%
D B 4 Dieb
51%
D G 8 Ding
51%
F M 9 Film
51%
F P 5 Flop
51%
J T 9 Jets
51%
M G 5 möge
51%
N Z 5 Netz
51%
O V 3 Oval
51%
P G 5 Page
51%
Q K 2 Quak
51%
B J 1 Boje
49%
H X 5 Hexe
49%
I A 9 Inka
49%
K G 10 klug
49%
N X 2 Nixe
49%
T Z 2 Tanz
49%
U M 5 umso
49%
Y S 4 Yaks
49%
Z F 6 Zopf
49%
C N 4 Clan
47%
E P 5 Epik
47%
E X 6 Exil
47%
I O 10 Idol
47%
J K 4 juck
47%
L V 5 Lava
47%
L Z 4 Lenz
47%
M X 6 mixe
47%
N L 5 Null
47%
O G 2 ölig
47%
P H 8 Pech
47%
S S 26 Sets
47%
T X 5 Taxi
47%
U A 6 Uran
47%
Y G 3 Yoga
47%
Y O 3 Yoga
47%
B F 1 Baff
46%
G C 2 guck
46%
G K 3 guck
46%
I I 4 Iris
46%
J P 5 Jeep
46%
N P 5 Napf
46%
N V 5 naiv
46%
O O 4 Ouzo
46%
S B 6 Stab
46%
T S 21 Test
46%
Z S 8 Zins
46%
B Y 6 Byte
44%
B Z 9 Benz
44%
C S 10 Cash
44%
C U 9 Club
44%
G M 7 Game
44%
J L 3 Juli
44%
L W 3 Löwe
44%
N G 3 nage
44%
R P 8 Rupf
44%
S X 3 Sext
44%
V T 8 Veto
44%
Y E 2 Yeti
44%
Y I 3 Yeti
44%
A P 7 Apps
42%
C C 2 Coca
42%
C P 9 Chip
42%
G H 7 gehe
42%
M B 3 Mobs
42%
N K 4 Nick
42%
Y K 1 Yaks
42%
C I 7 Chip
40%
E M 5 Emus
40%
I T 10 Item
40%
J B 4 Jobs
40%
J M 3 Jams
40%
J Z 1 Jazz
40%
O I 12 Ötzi
40%
S J 2 Soja
40%
U K 8 unke
40%
V G 2 vage
40%
E W 3 ewig
39%
I U 3 Iglu
39%
M P 3 Mopp
39%
O Z 3 Ouzo
39%
P M 9 Puma
39%
Q S 2 Ques
39%
U I 3 Unis
39%
U Z 5 Unze
39%
Y T 1 Yeti
39%
B V 1 brav
37%
G P 3 Gips
37%
I C 3 Icon
37%
K J 2 Koje
37%
M W 1 Möwe
37%
P D 5 Pfad
37%
S Y 1 sexy
37%
U U 5 Urdu
37%
W P 5 Wrap
37%
I F 2 Info
35%
M J 2 Maja
35%
O X 4 Onyx
35%
S P 29 Shop
35%
Z B 1 Zebu
35%
C Y 2 cyan
33%
E Z 1 Erze
33%
I B 1 Ibis
33%
L X 1 laxe
33%
N F 3 Napf
33%
O Y 3 Onyx
33%
U O 3 Ufos
33%
A V 4 Avis
32%
D Z 5 dazu
32%
R V 2 Rave
32%
V H 1 Vieh
32%
V M 2 vorm
32%
A Y 1 Asyl
30%
C B 2 Club
30%
O U 6 Ouzo
30%
U H 1 Uhus
30%
C K 1 Coke
28%
C M 2 Camp
28%
J J 1 Jaja
28%
K W 3 Kiwi
28%
M Y 6 Mayo
28%
P B 2 Pubs
28%
V K 1 Volk
28%
D D 4 Dads
26%
H Y 2 Hype
26%
I P 2 impf
26%
J X 2 juxe
26%
J Y 1 Jury
26%
M V 1 Move
26%
O K 4 okay
26%
U T 10 übte
26%
V P 3 Vamp
26%
Y N 4 Yens
26%
D V 1 Diva
25%
H W 1 Hiwi
25%
I K 3 Inka
25%
I Z 3 itzt
25%
V B 1 Verb
25%
Z Y 1 zyan
25%
C X 1 Crux
23%
J V 1 Jive
23%
C W 1 Crew
21%
I W 1 Iwan
21%
I X 4 ixen
21%
K X 2 Krux
21%
U D 1 Urdu
21%
U G 1 urig
21%
V Z 1 Vize
21%
Z D 1 zünd
21%
Z V 1 Zivi
21%
L Y 2 Lady
19%
Y L 1 Yawl
19%
Y W 1 Yawl
19%
N W 1 News
18%
P X 1 Prix
18%
P Y 1 Pony
18%
R X 2 rexe
18%
T Y 4 Typs
18%
Y D 1 Yard
18%
Y R 1 Yard
18%
B W 1 Bowl
16%
E Y 1 easy
16%
G Y 2 gray
16%
V D 3 Veda
16%
A J 1 Ajas
14%
K V 1 kurv
14%
H V 1 hiev
12%
R J 1 roje
12%
S W 3 Show
12%
Y P 1 Ysop
12%
Y U 1 Yuan
12%
C G 1 Clog
11%
D W 1 down
11%
D Y 2 Dyas
11%
F W 1 Flow
11%
T W 1 Twen
11%
F V 1 Favi
9%
R Y 2 Ryes
9%
E V 1 Erve
7%
K Y 1 Kyma
7%
V F 1 vife
7%
Keine übereinstimmenden Quizze gefunden
Verteilung der Resultate
Anzahl Personen mit jedem Resultat
Perzentil nach korrekt beantworteten Fragen
Ihre Resultats-Entwicklung
Sie haben dieses Quiz noch nicht gespielt